Health education and community pharmacy (Record no. 8282)
[ view plain ]
| 000 -LEADER | |
|---|---|
| fixed length control field | 00344nam a2200133Ia 4500 |
| 008 - FIXED-LENGTH DATA ELEMENTS--GENERAL INFORMATION | |
| fixed length control field | 191201s2019 xx 000 0 und d |
| 082 ## - DEWEY DECIMAL CLASSIFICATION NUMBER | |
| Classification number | 615.1 BHH |
| 100 ## - MAIN ENTRY--PERSONAL NAME | |
| Personal name | BHISE,S.B |
| 245 #0 - TITLE STATEMENT | |
| Title | Health education and community pharmacy |
| 260 ## - PUBLICATION, DISTRIBUTION, ETC. (IMPRINT) | |
| Name of publisher, distributor, etc | Nirali Prakashan |
| Place of publication, distribution, etc | New Delhi |
| Date of publication, distribution, etc | 2019 |
| 300 ## - PHYSICAL DESCRIPTION | |
| Extent | 166 |
| 650 ## - SUBJECT ADDED ENTRY--TOPICAL TERM | |
| Topical term or geographic name as entry element | Community Pharmacy |
| 942 ## - ADDED ENTRY ELEMENTS (KOHA) | |
| Source of classification or shelving scheme | Dewey Decimal Classification |
| Koha item type | Text Books |
| Withdrawn status | Lost status | Source of classification or shelving scheme | Damaged status | Not for loan | Collection code | Home library | Current library | Date acquired | Source of acquisition | Cost, normal purchase price | Bill Number | Total Checkouts | Full call number | Acc. no. / Barcode | Date last seen | Actual Cost, discounted price | Bill Date | Koha item type |
|---|---|---|---|---|---|---|---|---|---|---|---|---|---|---|---|---|---|---|
| Dewey Decimal Classification | Diploma in Pharmacy | PIET C-LIBRARY | PIET C-LIBRARY | 26/03/2019 | Kirti Prakashan | 70.00 | IN 3106 | 615.1 BHH | DP345 | 04/12/2019 | 51.80 | 12/03/2019 | Reference Books | |||||
| Dewey Decimal Classification | Diploma in Pharmacy | PIET C-LIBRARY | PIET C-LIBRARY | 26/03/2019 | Kirti Prakashan | 70.00 | IN 3106 | 615.1 BHH | DP346 | 04/12/2019 | 51.80 | 12/03/2019 | Text Books | |||||
| Dewey Decimal Classification | Diploma in Pharmacy | PIET C-LIBRARY | PIET C-LIBRARY | 26/03/2019 | Kirti Prakashan | 70.00 | IN 3106 | 615.1 BHH | DP347 | 04/12/2019 | 51.80 | 12/03/2019 | Text Books | |||||
| Dewey Decimal Classification | Diploma in Pharmacy | PIET C-LIBRARY | PIET C-LIBRARY | 26/03/2019 | Kirti Prakashan | 70.00 | IN 3106 | 615.1 BHH | DP348 | 04/12/2019 | 51.80 | 12/03/2019 | Text Books |